LEADER 00767nam0-22002891i-450 001 990005495540203316 005 20210125110344.0 035 $a000549554 035 $aUSA01000549554 035 $a(ALEPH)000549554USA01 100 $a20010829d1963----km y1itay5003----ba 101 0 $aita 102 $aIT 200 1 $aCentro - sinistra '62$fAmintore Fanfani 210 $aMilano$cGarzanti$d1963 215 $a243 p.$cill., 6 tav.$d21 cm 517 1 $aCentro - sinistra sessantadue 606 0 $aPartiti$2BNCF 676 $a329 700 1$aFANFANI,$bAmintore$0121366 801 0$aIT$bSOL$c20120104 912 $a990005495540203316 951 $a300 329 FAN$b2184 DISES 959 $aBK 969 $aDISES 996 $aCentro-sinistra '62$9305558 997 $aUNISA LEADER 03268 am 22007573u 450 001 9910348234403321 005 20190328203148.0 010 $a1-134-91178-5 010 $a1-134-91179-3 010 $a1-280-16902-8 010 $a0-203-99275-X 024 7 $a10.4324/9780203992753 035 $a(CKB)1000000000361183 035 $a(EBL)241748 035 $a(OCoLC)475958552 035 $a(SSID)ssj0000100077 035 $a(PQKBManifestationID)11140552 035 $a(PQKBTitleCode)TC0000100077 035 $a(PQKBWorkID)10037847 035 $a(PQKB)10085684 035 $a(MiAaPQ)EBC241748 035 $a(OCoLC)61355439 035 $a(EXLCZ)991000000000361183 100 $a20180331d1994 uy 0 101 0 $aeng 135 $aur|n|---||||| 181 $ctxt 182 $cc 183 $acr 200 00$aAfter the Victorians $eprivate conscience and public duty in modern Britain : essays in memory of John Clive /$fedited by Susan Pedersen and Peter Mandler 210 1$aLondon ;$aNew York :$cRoutledge,$d1994. 215 $a1 online resource (279 p.) 300 $aDescription based upon print version of record. 311 $a1-138-00658-0 311 $a0-415-07056-2 320 $aIncludes bibliographical references and index. 327 $aBook Cover; Half-Title; Title; Copyright; Contents; Contributors; Preface; Introduction; 1 Henrietta Barnett 1851-1936; 2 George Alfred Lefroy 1854-1919; 3 Raymond Unwin 1863-1940; 4 Eleanor Rathbone 1872-1946; 5 E.M.Forster 1879-1970; 6 Leonard Woolf 1880-1969; 7 J.M.Keynes 1883-1946; 8 John Reith 1889-1971; 9 J.B.Priestley 1894-1984; 10 John Summerson 1904-1992; 11 John Clive 1924-1990; Index 330 $aWritten by a team of eminent historians, these essays explore how ten twentieth-century intellectuals and social reformers sought to adapt such familiar Victorian values as `civilisation', `domesticity', `conscience' and `improvement' to modern conditions of democracy, feminism and mass culture. Covering such figures as J.M. Keynes, E.M. Forster and Lord Reith of the BBC, these interdisciplinary studies scrutinize the children of the Victorians at a time when their private assumptions and public positions were under increasing strain in a rapidly changing world. After the Victorians< 606 $aSocial reformers$zGreat Britain 606 $aSocial movements$zGreat Britain 606 $aCivic leaders$zGreat Britain 606 $aIntellectuals$zGreat Britain 606 $aDuty 606 $aConscience 607 $aGreat Britain$xSocial conditions$y20th century 607 $aGreat Britain$xIntellectual life$y20th century 608 $aElectronic books. 615 0$aSocial reformers 615 0$aSocial movements 615 0$aCivic leaders 615 0$aIntellectuals 615 0$aDuty. 615 0$aConscience. 676 $a303.4/84/0941 676 $a303.4840941 676 $a920.041 701 $aClive$b John Leonard$f1924-$0863094 701 $aPedersen$b Susan$f1959-$0141680 701 $aMandler$b Peter$0251132 801 0$bMiAaPQ 801 1$bMiAaPQ 801 2$bMiAaPQ 906 $aBOOK 912 $a9910348234403321 996 $aAfter the Victorians$91926726 997 $aUNINA